| 000 | 00000nam 2200000zi 4500 |
| 001 | 9.939825 |
| 003 | CaOODSP |
| 005 | 20240625153930 |
| 006 | m o d f |
| 007 | cr mn||||||||| |
| 008 | 240625t19741974onc o f000 0 eng d |
| 040 | |aCaOODSP|beng|erda|cCaOODSP |
| 043 | |an-cn-nk|an-cn--- |
| 086 | 1 |aRE22-20/1974-7E-PDF |
| 086 | 1 |aRE22-20/1974-7 |
| 245 | 00|aGeneral development agreement, Canada/New-Brunswick, April 23, 1974. |
| 264 | 1|a[Ottawa] : |bRegional Economic Expansion = Expansion économique régionale, |c[1974] |
| 264 | 4|c©1974 |
| 300 | |a1 online resource (19 pages) |
| 336 | |atext|btxt|2rdacontent |
| 337 | |acomputer|bc|2rdamedia |
| 338 | |aonline resource|bcr|2rdacarrier |
| 500 | |aIssued also in French under title: Entente-cadre de développement, Canada/Noveau-Brunswick, 23 avril 1974. |
| 500 | |aDigitized edition from print [produced by Innovation, Science and Economic Development Canada]. |
| 650 | 0|aRegional planning|zNew Brunswick. |
| 650 | 0|aRegional planning|zCanada. |
| 651 | 0|aNew Brunswick|xEconomic policy. |
| 651 | 0|aCanada|xEconomic policy. |
| 710 | 1 |aCanada. |bRegional Economic Expansion, |eissuing body. |
| 775 | 08|tEntente-cadre de développement, Canada/Noveau-Brunswick, 23 avril 1974.|w(CaOODSP)9.939829 |
| 856 | 40|qPDF|s560 KB|uhttps://publications.gc.ca/collections/collection_2024/isde-ised/re22/RE22-20-1974-7-eng.pdf |